00239nam a22001097a 4500003000400000020001800004082001200022100001700034245004200051260002800093300000800121SGT a9789354655517 a370,CHA aCHAVAN, B.S. aCOMPREHENSIVE TEXTBOOK ON DISABILITY  aNEW DELHI bJYPEEc2022 a582